Six Records of a Floating Life : (Record no. 597483)

MARC details
000 -LEADER
fixed length control field 00493nam a2200181 a 4500
008 - FIXED-LENGTH DATA ELEMENTS--GENERAL INFORMATION
fixed length control field 251113s1983##################000#0#eng##
020 ## - INTERNATIONAL STANDARD BOOK NUMBER
ISBN 9780140444292
082 04 - DEWEY DECIMAL CLASSIFICATION NUMBER
Classification number 895.144SHE
100 1# - MAIN ENTRY--AUTHOR NAME
Personal name Fu, Shen,
245 10 - TITLE STATEMENT
Title Six Records of a Floating Life :
260 ## - PUBLICATION, DISTRIBUTION, ETC. (IMPRINT)
Name of publisher National Geographic Books,
Year of publication 1983.
650 #0 - SUBJECT ADDED ENTRY--TOPICAL TERM
Topical Term Biography & Autobiography.
942 ## - ADDED ENTRY ELEMENTS (KOHA)
Koha item type English Books
Holdings
Withdrawn status Lost status Damaged status Not for loan Home library Current library Date acquired Full call number Accession Number Price effective from Koha item type
        Anna Centenary Library Anna Centenary Library 14.11.2025 895.144SHE 383299 14.11.2025 English Books

Find us on the map